Sports Quiz

Random Sports or NFL Quiz
Score 0/15 Timer 05:00
1 Play Today
Hint Answer % Correct
Passing Yards (Week 10)Peyton Manning
98.6%
Passing Yards (Week 10)Drew Brees
98.4%
Passing Yards (Week 10)Andrew Luck
96.8%
Passing Yards (Week 10)Russell Wilson
95.3%
Passing Yards (Week 10)Robert Griffin III
91.9%
Rushing Yards (Week 10)Marshawn Lynch
89.6%
Receiving Yards (Week 10)A.J. Green
88%
Rushing Yards (Week 10)LeSean McCoy
87.7%
Hint Answer % Correct
Receiving Yards (Week 10)Brandon Marshall
81.5%
Rushing Yards (Week 10)Alfred Morris
75.2%
Receiving Yards (Week 10)T.Y. Hilton
71.2%
Rushing Yards (Week 10)Mark Ingram
69%
Receiving Yards (Week 10)Tavon Austin
56.2%
Rushing Yards (Week 10)Andre Brown
43.5%
Receiving Yards (Week 10)Rishard Matthews
17.6%
Remove Ads.
Support Sporcle.
Get the best of Sporcle when you Go Orange. This ad-free experience offers more features, more stats, and more fun while also helping to support Sporcle. Thank you for becoming a member.

You're not logged in!

Compare scores with friends on all Sporcle quizzes.
OR
Log In

Show Comments

Extras

Top Quizzes Today


Score Distribution

Your Account Isn't Verified!

In order to create a playlist on Sporcle, you need to verify the email address you used during registration. Go to your Sporcle Settings to finish the process.

Report this User

Report this user for behavior that violates our Community Guidelines.

Details: